ロード中...

HANDBOOK OF KERALA VOL2

書誌詳細
その他の著者: MADHAVA MENON T (編集者)
フォーマット: Printed Book
出版事項:
主題:
LEADER 00604nam a2200229 4500
020 |c 0.0 
082 |a 954.83 MAD, II 
100
245 |a HANDBOOK OF KERALA VOL2  |h ENGLISH 
250
260 |c   
300
500 |a   
501 |a Reference 
538
590
630
650 |a HANDBOOK OF KERALA VOL2 
700 |a MADHAVA MENON T  |e Editor 
942 |c REF 
999 |c 178672  |d 178672 
952 |0 0  |1 0  |4 0  |6 954_830000000000000_MAD_II  |7 0  |9 192035  |a AGY  |b AGY  |g 0.00  |l 0  |o 954.83 MAD, II  |p AGY2881  |r 2019-10-25  |w 2019-10-25  |y REF